Motivačné faktory zamestnancov
Problematika motivačných faktorov zamestnancov. Typy motivácie. Prehľad teórií motivácie. Vzťah medzi motiváciou a výkonom.
Na minha lista:
| Autor principal: | |
|---|---|
| Formato: | Capítulo de Livro |
| Idioma: | eslovaco |
| Assuntos: | |
| Tags: |
Sem tags, seja o primeiro a adicionar uma tag!
|
MARC
| LEADER | 00000naa$a2200000$$$4500 | ||
|---|---|---|---|
| 001 | 0083132 | ||
| 005 | 20240502071932.6 | ||
| 041 | 0 | |a slo | |
| 044 | |a SK | ||
| 245 | 1 | 0 | |a Motivačné faktory zamestnancov |c Alena Bašistová |
| 520 | |a Problematika motivačných faktorov zamestnancov. Typy motivácie. Prehľad teórií motivácie. Vzťah medzi motiváciou a výkonom. | ||
| 610 | 2 | 0 | |a motivácia pracovná |
| 610 | 2 | 0 | |a zamestnanci |
| 610 | 2 | 0 | |a spokojnosť v práci |
| 610 | 2 | 0 | |a odmeňovanie |
| 610 | 2 | 0 | |a výkonnosť |
| 610 | 2 | 0 | |a práca |
| 610 | 2 | 0 | |a stimuly pracovné |
| 100 | 1 | |a Bašistová, Alena | |